Loading...
| Current Events | 2 | 5.00 | 50% | 0% | 0% |
| Fine Arts - Auditory Fine Arts | 6 | 11.67 | 83% | 17% | 17% |
| Fine Arts - Other Fine Arts | 5 | 14.00 | 100% | 40% | 0% |
| Fine Arts - Visual Fine Arts | 7 | 15.71 | 100% | 43% | 14% |
| Geography | 1 | 20.00 | 100% | 100% | 0% |
| History - American History | 5 | 14.00 | 100% | 40% | 0% |
| History - European History | 4 | 17.50 | 100% | 50% | 25% |
| History - Other History | 6 | 16.67 | 100% | 67% | 0% |
| History - World History | 5 | 18.00 | 100% | 40% | 40% |
| Literature - American Literature | 7 | 15.71 | 100% | 57% | 0% |
| Literature - British Literature | 6 | 15.00 | 100% | 33% | 17% |
| Literature - European Literature | 6 | 18.33 | 100% | 67% | 17% |
| Literature - World Literature | 4 | 15.00 | 100% | 50% | 0% |
| Mythology | 6 | 15.00 | 100% | 33% | 17% |
| Philosophy | 7 | 17.14 | 100% | 57% | 14% |
| Pop Culture | 2 | 15.00 | 100% | 50% | 0% |
| Popular Culture | 1 | 10.00 | 100% | 0% | 0% |
| Religion | 6 | 18.33 | 100% | 83% | 0% |
| Science - Biology | 5 | 16.00 | 100% | 60% | 0% |
| Science - Chemistry | 11 | 15.45 | 100% | 55% | 0% |
| Science - Other Science | 5 | 14.00 | 100% | 40% | 0% |
| Science - Physics | 4 | 12.50 | 100% | 25% | 0% |
| Social Science | 7 | 15.71 | 100% | 57% | 0% |